000 01134nam a22003377a 4500
003 CHAP
005 20220329141455.0
008 971013s1988 r 00010 d
010 _a68748
011 _a69720
035 _a79198
040 _cCHAP
090 _aFolleto 11729
100 0 0 _aMagaña Torres, Octavio Salvador.
_969813
245 _aArquitectura de las primeras computadoras y tendencia en la arquitectura desde Von Neumann
260 _aChapingo, Méx. :
_bCP. Centro de Estadística y Cálculo,
_c1988
300 _a10 p.
490 _aBoletín técnico
_v; 4
500 _a31-143
590 _aBATCH-UPD
_b10
_c20130110
_lUCH01
_h1859
590 _aBATCH-UPD
_b10
_c20130410
_lUCH01
_h1227
590 _aBATCH-UPD
_b10
_c20130914
_lUCH01
_h0654
590 _aCONVERSION
_b10
_c20130109
_lUCH01
_h1338
650 1 4 _aComputadoras.
_926129
830 0 _aBoletín técnico
_v; 4
_913560
901 _aBK
942 _cFOLL
949 _aFolleto 11729
_bBC
_cFOLL
_d-32081
_eTS1
_i79198
_si
949 _aFolleto 11729
_bBC
_cFOLL
_d-96126
_eTS2
_fc.2
_i79198
_si
949 _aFolleto 11729
_bBC
_cFOLL
_d-96127
_eTS2
_fc.3
_i79198
_si
999 _c68748
_d68748